Générique La Tulipe Noire - Paroles - Statistiques

Statistiques générales
  • Ce quiz a été pris 4 fois
  • Le résultat moyen est 12 sur 19
Statistiques - réponses
Paroles % Correct
Avec la Tulipe {Noire}
100%
Avec la Tulipe {Noire}
100%
Ça ira, ça {ira}
100%
Ça ira, ça {ira}
100%
Ça ira, ça {ira}
100%
Ça ira, ça {ira}
100%
Amour et {Liberté}
67%
Dans la nuit un cheval {noir}
67%
Ils vont au {galop}
67%
On se battra pour la {gloire}
67%
On se battra pour la {gloire}
67%
Qu'ils espèrent plus {beau}
67%
De leurs deux {chevaux}
33%
Emporte un beau gentilhomme {masqué}
33%
Pour les deux mots qu'ils {préfèrent}
33%
Près de lui, un cheval {blanc}
33%
Tous les deux, ils font la {Révolution}
33%
Vers un {monde}
33%
Emporte une jeune fille {révoltée}
0%
Aucun quiz correspondant
Distribution des résultats
% des personnes avec chaque résultat
Percentile par nombre de réponses
Votre historique - résultats
Vous n’avez pas pris ce quiz